000 00807nam a2200229Ia 4500
001 3194
003 GE_BSU
008 181216s||||||||xx |||||||||||||| ||und||
040 _cGE_BSU
080 _a621.646(075.8)
100 _aГуревич,Д.Ф.
245 _aРасчет и конструирование трубопроводной арматуры.
245 _bУчебник.
245 _cРед.изд.В.П.Васильева, Л.Р.Кухтевич.
250 _aИзд. 4-е. переработанное и дополненное.
260 _aЛ.
260 _bМашиностроение.
260 _c1969.
300 _a888 стр.с илл.22см.
653 _aРасчет и конструирование трубопроводной арматуры.
942 _cBK
999 _c37235
_d37235